000 00414nam a2200169 4500
005 20260427122605.0
008 260427b |||||||| |||| 00| 0 eng d
020 _a9781000852615
082 _a801.95
_bTYS-C
100 _aTyson Lois
245 _aCritical Theory Today
_bA User Friendly Guide
250 _a3rd Ed.
260 _aNEW YORK
_bRoutledge
300 _a453p
650 _aEnglish
942 _cBK
999 _c47404
_d47404